| 000 | 00461nam a2200181Ia 4500 | ||
|---|---|---|---|
| 001 | 19736 | ||
| 005 | 20260306172714.0 | ||
| 008 | 260306t2012||||xx |||||||||||||| ||spa|| | ||
| 041 | _aESP | ||
| 082 |
_a341 _bN97 |
||
| 100 |
_aNussbaum, Martha C. _eAUT |
||
| 245 | 0 |
_aLas fronteras de la justicia: _bconsideraciones sobre la exclusión |
|
| 260 | _c2012 | ||
| 300 |
_a447 páginas : _c23 cm. |
||
| 650 | _aGEN | ||
| 654 | _aCDE | ||
| 942 |
_cLIB _dJUS _fJUS _2ddc _n |
||
| 999 |
_c19736 _d19736 |
||